| 000 | 04515nab a22007937 4500 | ||
|---|---|---|---|
| 003 | AR-RoUNA | ||
| 022 | _a0327-9022 | ||
| 040 |
_aAR-RoUNA _bspa |
||
| 041 | _aspa | ||
| 044 | _aag | ||
| 245 |
_aSumma+ / _bEducación y Cultura / Perfil |
||
| 260 |
_aBuenos Aires , _c1993 |
||
| 300 |
_a144 p. : _bil. byn. _bplanos _c34 X25 cm. |
||
| 505 | 0 | _tINDICE | |
| 505 | 0 | _tChile - DENSIDAD INTERIOR | |
| 505 | 0 | _aMathías Klotz / Biblioteca Central UDP, Santiago, 2010. p. 4 | |
| 505 | 0 | _tItalia - LABORATORIO CULTURAL | |
| 505 | 0 | _aDap + Studio + Paola Giaconia / Centro Cultural Roberto Gritti, Bergamo, 2010. p. 12 | |
| 505 | 0 | _tCROMOS EN PENTAGRAMA | |
| 505 | 0 | _aGeza - Gri E Zucchi / Casa de la Mística, Cervignano del Friuli, 2010. p. 18 | |
| 505 | 0 | _tChile - SOLUCIÓN MODULAR | |
| 505 | 0 | _aSebastián Irarrázaval Delpiano, Erick Caro y Cristián Irarrázaval / Sala de clases modulares, Séptima Región, 2010. p. 24 | |
| 505 | 0 | _tVISTAS SERPENTEANTES | |
| 505 | 0 | _aIan Tidy, Albert Tidy y Cecilia Aldunate / Colegio San Sebastián, Melipilla. p. 30 | |
| 505 | 0 | _tArgentina - FAMILIA PROTOTÍPICA | |
| 505 | 0 | _aUnidad de proyectos especiales, Ministerio de obras públicas y vivienda Gobierno de Santa Fe / Escuela Técnica Nº508, Sta. Fe, 2011. p. 38 | |
| 505 | 0 | _aUnidad de proyectos especiales, Ministerio de obras públicas y vivienda Gobierno de Santa Fe / Jardín de Infantes Nº121 ¨General López¨, Sta. Fe, 2012. p. 42 | |
| 505 | 0 | _tPortugal - VARIACIÓN Y TEMA | |
| 505 | 0 | _aClaudio Sat, Unipessoal, LDA / Complejo ¨Dos Arcos¨, 2007. p. 46 | |
| 505 | 0 | _aClaudio Sat, Unipessoal, LDA / Complejo Alvito, Óbidos, 2010. p. 49 | |
| 505 | 0 | _aClaudio Sat, Unipessoal, LDA / Complejo Furadouro, Óbidos, 2010. p. 50 | |
| 505 | 0 | _tEspaña - OTOÑO Y PRIMERA | |
| 505 | 0 | _aMestura Arq. / Ceip 2L Martinet, Barcelona, España, 2010. p. 54 | |
| 505 | 0 | _tBrasil - ABIERTO AL PAISAJE | |
| 505 | 0 | _aGrupoSP / Escuela Pública en Votorantim (San Pablo), 2008. p. 60 | |
| 505 | 0 | _tPakistán - CONSTRUCCIONES DIDÁCTICAS | |
| 505 | 0 | _aRoswag / Escuela Tipu Sultan Merkez, Pakistán, 2010. p. 66 | |
| 505 | 0 | _aEscuela Serrano, Sta. Fe, 2011. p. 68 | |
| 505 | 0 | _aAl borde, David Barragán & Pascual Gangotena / Manabí, Ecuador, 2009. p. 70 | |
| 505 | 0 | _tMéxico - JUEGO DE SEDUCCIÓN | |
| 505 | 0 | _aTaller de arquitectura - Mauricio Rocha, Gabriela Carrillo, Carlos Facio, Rafael Carrillo / Escuela de artes plásticas de Oaxaca, 2008. p. 76 | |
| 505 | 0 | _aJorge Hampton / La sombra en América Latina. p. 78 | |
| 505 | 0 | _tSMALL AND SMART: Expresiones de la arquitectura contemporánea eslovena | |
| 505 | 0 | _aMuseum of architecture and desing, 2011. p. 82 | |
| 505 | 0 | _aArchitektura Kru¨sec / Facultad de Biotecnología (Universidad de Ljubljana), Eslovenia, 2010. p. 84 | |
| 505 | 0 | _aMaru¨sa Zorec, Martina Tepnica / Plaza y Altar a cielo abierto, Brezie, Eslovenia, 2008. p. 86 | |
| 505 | 0 | _aBevk Perovic / House D, Eslovenia, 2008. p. 88 | |
| 505 | 0 | _aDekleva Gregoric / Planta de reciclado de metal, Odpad Pivka, Eslovenia, 2007. p. 90 | |
| 505 | 0 | _aArhe, D.O.O / Viviendas en calle Jur¨ckova, Eslovenia, 2009. p. 92 | |
| 505 | 0 | _aAnatxu Zabalbeascoa / Paredes y Pedrosa: Arquitectura de reparación. p. 94 | |
| 505 | 0 | _aParedes Pedrosa / Biblioteca Pública de Ceuta, España, 2012. p. 96 | |
| 505 | 0 | _aParedes Pedrosa / Auditorio de Lugo, España, 2016. p. 98 | |
| 505 | 0 | _aParedes Pedrosa / Museo Wsigodo de Mérida, España, 2011. p. 100 | |
| 505 | 0 | _aParedes Pedrosa / Museo de Almería, España, 2004. p. 102 | |
| 505 | 0 | _aParedes Pedrosa / Villa Romana La Olmeda, España, 2009. p. 106 | |
| 505 | 0 | _aParedes Pedrosa / Universidad Popular Infantiol, UPI Gandia, España, 2011. p. 110 | |
| 505 | 0 | _aIgnacio Ros Olano / Colonia del Sacramento en papel. p. 117 | |
| 505 | 0 | _aRuth Verde Zein / El círculo abierto de la modernidad. p. 118 | |
| 505 | 0 | _aRafael E.J. Iglesia / Habitando en la esquina. p. 120 | |
| 505 | 0 | _aRoberto Fernández / Contraluz del Siglo: La Gran Saga Pynchon. p. 123 | |
| 505 | 0 | _aMario Sabugo / La escuela de Fráncfort. p. 126 | |
| 505 | 0 | _aCarlos Gustavo Giménez / El distrito tecnológico de Buenos Aires. p. 128 | |
| 650 | _aArquitectura contemporánea | ||
| 773 | 0 |
_aSumma+ _dBuenos Aires, Argentina _gNº121 (abr-2012), p. 128 _x0327-9022 |
|
| 908 | _aImp | ||
| 942 |
_2udc _cART |
||
| 945 |
_aMBP _d2022-07-08 |
||
| 980 |
_8138 _gCarolina Rainero _6138 _aCarolina Rainero |
||
| 999 |
_c12258 _d12258 |
||